Píndaro: estructura y resortes del quehacer poético

সংরক্ষণ করুন:
গ্রন্থ-পঞ্জীর বিবরন
প্রধান লেখক: Guillén, Luis Fernando (Author)
বিন্যাস: গ্রন্থ
ভাষা:স্প্যানিশ
প্রকাশিত: Madrid Universidad P. Comillas 1975
বিষয়গুলি:
ট্যাগগুলো: ট্যাগ যুক্ত করুন
কোনো ট্যাগ নেই, প্রথমজন হিসাবে ট্যাগ করুন!

MARC

LEADER 00000nam a2200000 a 4500
001 UCX6529
003 CL-VaPUC
008 930715e19750000SP |||||||||||||||||spa|d
082 0 4 |a 881.09  |b GUI  |2 21 
100 |a Guillén, Luis Fernando  |e author  |9 323044 
245 1 0 |a Píndaro: estructura y resortes del quehacer poético 
300 |a 344 p 
942 |c BK 
945 |d 19930715 00:00:00 
260 |a Madrid  |b Universidad P. Comillas  |c 1975 
600 0 7 |a PINDARO  |2 CL-VaPUC  |9 323045 
583 |a last modification  |c 19930715 00:00:00  |k Rodrigo Vera 
999 |c 226532  |d 226530 
952 |0 0  |1 0  |4 0  |6 881_090000000000000_GUI_1975  |7 0  |8 A  |9 224980  |a BIBEDU  |b BIBEDU  |d 2019-11-15  |i 2936879  |o 881.09 GUI 1975  |p 2936879  |r 2019-11-15  |w 2019-11-15  |y BK  |k FIL